| 000 | 00639nam a2200205 a 4500 | ||
|---|---|---|---|
| 005 | 20240905063707.0 | ||
| 008 | 020419s2001 mx r 000 0 spa d | ||
| 020 | _a9688569321 | ||
| 035 | _aUPN01000116981 | ||
| 049 | _aCG | ||
| 050 | 4 |
_aRJ499.3 _bM3.6 |
|
| 245 | 0 | 0 |
_aManual de terapias psicoanalíticas en niños y adolescentes / _ccoord. Marcelo Salles Manuel. |
| 260 |
_aMéxico : _bPlaza y Valdés, _c2001. |
||
| 300 | _a522 p. | ||
| 650 | 4 |
_aPSIQUIATRIA INFANTIL - _xMANUALES |
|
| 650 | 4 |
_aPsicología del adolescente _91013 |
|
| 650 | 4 |
_aPsicoterapia infantil _915 |
|
| 700 | 1 |
_aSalles Manuel, Marcelo, _ecoaut. |
|
| 905 | _aLibro | ||
| 999 |
_c89609 _d89609 |
||